Finnish national anthem - Statistics

General Stats
  • This quiz has been taken 67 times
  • The average score is 28 of 42
Answer Stats
Answer % Correct
Suomi
98%
maa
96%
Oi
96%
maamme
94%
Ei
85%
ei
85%
ei
85%
isien!
85%
rakkaampaa
85%
sana
85%
vettä
85%
kotimaa
83%
kukkulaa
83%
kultainen!
83%
laaksoa
83%
soi
83%
synnyinmaa
83%
synnyinmaa
83%
kuin
81%
pohjoinen
81%
tää
81%
kallis
80%
rantaa
78%
Sun
63%
sun
63%
saa
59%
saa
59%
kerran
54%
kukoistukses
52%
puhkeaa
50%
kaiun
48%
kerrankin
48%
nousemaan
46%
kuorestaan
44%
riemus
44%
viel
41%
loistossaan
39%
lempemme
37%
toivos
37%
ja
35%
korkeemman
28%
laulus
20%
No matching quizzes found
Score Distribution
Percent of People with Each Score
Percentile by Number Answered
Your Score History
You have not taken this quiz